000 00326nam a2200145Ia 4500
008 230917s9999||||xx |||||||||||||| ||und||
040 _e247261
_aMAIN
041 _aEnglish
082 _a346.034 S96D
100 _aShivani
245 0 _aDifferent dimension defamation
260 _c2017
300 _a132 p.
942 _cTH
999 _c128014
_d128014